00572cam a22002177a 45000010009000000050017000090080041000260100017000670200025000840200022001090350024001310400039001550410008001940420014002020430012002160800016002280820020002441000007002641010008002712450075002791573812420180202040952.0090513s2010 mau b 000 0 eng d a 2009928541 a9780312539481 (pbk.) a0312539487 (pbk.) a(OCoLC)ocn368048078 aBTCTAcBTCTAdYDXCPdSLVdOBEdDLC aeng alccopycat an-us--- a973.072 BAN00a973.072 BAN223 a16 aHIS02aA century of American historiography /cedited by James M. Banner, Jr.